MARC

Tag First Indicator Second Indicator Subfields
LEADER 00000cam a2200000 a 4500
001 in00000075674
005 20151008053700.0
008 810701s1979 au b 00010 ger
010 |a  81460770  
015 |a Au79-23-181 
020 |c S280.00 
035 |a (OCoLC)07615323 
035 |9 AAH8271AM 
040 |a DLC  |c DLC  |d m.c.  |d TXA  |d UtOrBLW 
041 0 |a ger  |a eng 
049 |a TXAM  |c [1481476] 
050 0 0 |a PR6025.A77  |b Z67 
100 1 |a Gföllner, Adelheid. 
245 1 0 |a John Masefields Stellung zum Religiosen /  |c von Adelheid Gfollner. 
264 1 |a Salzburg, Austria :  |b Inst. f. Anglistik u. Amerikanistik, Univ. Salzburg,  |c 1979. 
300 |a iv, 129 pages ;  |c 21 cm. 
336 |a text  |b txt  |2 rdacontent 
337 |a unmediated  |b n  |2 rdamedia 
338 |a volume  |b nc  |2 rdacarrier 
490 1 |a Poetic drama & poetic theory ;  |v 47 
490 1 |a Salzburg studies in English literature 
500 |a Includes text in English. 
504 |a Bibliography: pages 124-129. 
600 1 0 |a Masefield, John,  |d 1878-1967  |x Ethics. 
600 1 0 |a Masefield, John,  |d 1878-1967  |x Religion. 
650 0 |a Christian poetry, English  |x History and criticism. 
830 0 |a Salzburg studies in English literature.  |p Poetic drama & poetic theory ;  |v 47. 
830 0 |a Salzburg studies in English literature. 
999 |a MARS 
999 f f |s 798ccf53-2394-300b-a81d-69544391db29  |i f86d7cd8-ef2c-3d77-8822-6227ecddf09d  |t 0 
952 f f |p ric  |a Texas A&M University  |b Rellis Campus  |c Joint Library Facility  |d Remote Storage  |t 0  |e PR6025.A77 Z67  |h Library of Congress classification  |i unmediated -- volume  |m A14806186932 
998 f f |a PR6025.A77 Z67  |t 0  |l Remote Storage